Mortalidad por VIH /SIDA en México: un aporte demográfico /
Gespeichert in:
| 1. Verfasser: | |
|---|---|
| Weitere Verfasser: | , |
| Format: | Text |
| Tags: |
Tag hinzufügen
Keine Tags, Fügen Sie den ersten Tag hinzu!
|
MARC
| LEADER | 00000 a a2200000 04500 | ||
|---|---|---|---|
| 001 | 47358 | ||
| 003 | |||
| 040 | |||
| 090 | |a REV1520 20(79) 2014 | ||
| 100 | |a Gayet, Cecilia | ||
| 245 | |a Mortalidad por VIH /SIDA en México: |b un aporte demográfico / |c Cecilia Gayet, Virgilio Partida-Bush, Claudio Alberto Dávila-Cervantes | ||
| 700 | |a Partida-Bush, Virgilio | ||
| 700 | |a Dávila-Cervantes, Claudio Alberto | ||
| 773 | |g volumen20, número79, (2014), páginas 9-37 : tablas, gráficos | ||
| 999 | |c 22031 |d 22031 | ||
